Szczegóły MARC21

Pole Poppenspäler und andere Novellen /

003 -Nazwa inst., której nr kontr. jest w polu 001 [,]
    • @
    • Nazwa instytucji, której n kontrolny jest w polu 001
    • NUKAT
005 -DATA I CZAS OSTATNIEJ MODYFIKACJI [,]
    • @
    • pole kontrolne
    • 20241231103948.0
020 -Międzynarod. znormalizowany nr książki - ISBN [ , ]
    • a
    • Numer ISBN
    • 345832433X Find
040 -Instytucja sporządzająca opis [ , ]
    • a
    • Instytucja, która sporządziła opis (NP)
    • NUKAT
    • c
    • Instytucja, która sporządziła rekord (NP)
    • TOR U/MS
    • d
    • Instytucja, która zmodyfikowała rekord (P)
    • TOR U/MS
942 -Rodzaj dokumentu [ , ]
    • c
    • Rodzaj dokumentu
    • Książka
100 -Hasło główne - nazwa osobowa [1, ]
    • a
    • Nazwa osobowa (NP)
    • Storm, Theodor
    • d
    • Daty biograficzne (NP)
    • (1817-1888).
    • 9
    • KHW
    • 9690
240 -Tytuł ujednolicony [1,0]
    • a
    • Tytuł ujednolicony
    • Pole Poppenspäler
    • l
    • Język tekstu
    • (niem.)
    • 9
    • KHW
    • 537949
245 -Strefa tytułu i oznaczenia odpowiedzialności [1,0]
    • a
    • Tytuł
    • Pole Poppenspäler und andere Novellen / Find
    • c
    • Pozostałe elementy strefy tytułu i oznaczenia odpowiedzialności (NP)
    • Theodor Storm.
260 -Strefa adresu wydawniczego [ , ]
    • a
    • Miejsce wydania (P)
    • Frankfurt am Main :
    • b
    • Nazwa wydawcy (P)
    • Insel Verlag,
    • c
    • Data wydania (P)
    • 1983.
300 -Strefa opisu fizycznego [ , ]
    • a
    • Określenie formy książki i/lub objętość (NP)
    • 189 s. ;
    • c
    • Format (NP)
    • 18 cm.
336 -Typ zawartości [ , ]
    • a
    • Termin opisujący typ zawartości
    • Tekst
    • b
    • Kod określający zawartość
    • txt
    • 2
    • Źródło (terminu i kodu)
    • rdacontent
337 -Typ mediów [ , ]
    • a
    • Tryb odtwarzania
    • Bez urządzenia pośredniczącego
    • b
    • Kod typu mediów
    • n
    • 2
    • Źródło (terminu i kodu)
    • rdamedia
338 -Typ/rodzaj nośnika [ , ]
    • a
    • Hasło opisujące typ nośnika
    • Wolumin
    • b
    • Kod typu nośnika
    • nc
    • 2
    • Źródło (terminu i kodu)
    • rdacarrier
490 -Strefa serii i książki wielotomowej - forma nie do wyszukiwania [1, ]
    • a
    • Tytuł (P)
    • Gesammelte Werke in sechs Bänden / Theodor Storm ; hrsg. von Gottfreid Honnefelder ; Find
    • v
    • Numeracja (P)
    • Bd. 3
490 -Strefa serii i książki wielotomowej - forma nie do wyszukiwania [1, ]
    • a
    • Tytuł (P)
    • Insel Taschenbuch ; Find
    • v
    • Numeracja (P)
    • 733
830 -Hasło dodatkowe serii i opisu książki wielotomowej - tytuł ujednolicony/tytuł [ ,0]
    • a
    • Tytuł ujednolicony/tytuł (NP)
    • Insel Taschenbuch
    • v
    • Oznaczenie tomu (NP)
    • 733
    • 9
    • KHW
    • 402164
500 -Uwaga ogólna [ , ]
    • a
    • Uwaga ogólna (NP)
    • Edycja na podst. wyd. z 1975 r.
500 -Uwaga ogólna [ , ]
    • a
    • Uwaga ogólna (NP)
    • Całość (6 tomów) w pudełku.
505 -Uwaga dot. zawartości książki [0, ]
    • a
    • Uwaga dot. zawartości książki
    • In St. Jürgen ; Viola tricolor ; Pole Poppenspäler ; Waldwinkel.
080 -Uniwersalna Klasyfikacja Dziesiętna [ , ]
    • a
    • Symbol klasyfikacji
    • 830-1/-9(081)Storm T.=30
980 -Symbol UKD [ , ]
    • a
    • UKD
    • 830-1/-9(081)Storm T.=30
700 -Hasło dodatkowe - nazwa osobowa [1, ]
    • a
    • Nazwa osobowa (NP)
    • Honnefelder, Gottfreid Find
    • d
    • Daty biograficzne (NP)
    • (1946- ).
    • e
    • Określenie rodzaju współpracy
    • Red.
    • 9
    • KHW
    • 632761
700 -Hasło dodatkowe - nazwa osobowa [1,2]
    • a
    • Nazwa osobowa (NP)
    • Storm, Theodor Find
    • d
    • Daty biograficzne (NP)
    • (1817-1888).
    • t
    • Tytuł ujednolicony/tytuł (NP)
    • Viola tricolor Find
    • l
    • Język tekstu (NP)
    • (niem.)
    • 9
    • KHW
    • 537945
700 -Hasło dodatkowe - nazwa osobowa [1,2]
    • a
    • Nazwa osobowa (NP)
    • Storm, Theodor Find
    • d
    • Daty biograficzne (NP)
    • (1817-1888).
    • t
    • Tytuł ujednolicony/tytuł (NP)
    • In Sankt Jürgen Find
    • l
    • Język tekstu (NP)
    • (niem.)
    • 9
    • KHW
    • 591633
700 -Hasło dodatkowe - nazwa osobowa [1,2]
    • a
    • Nazwa osobowa (NP)
    • Storm, Theodor Find
    • d
    • Daty biograficzne (NP)
    • (1817-1888).
    • t
    • Tytuł ujednolicony/tytuł (NP)
    • Waldwinkel Find
    • l
    • Język tekstu (NP)
    • (niem.)
    • 9
    • KHW
    • 634164
710 -Hasło dodatkowe - nazwa ciała zbiorowego [2, ]
    • a
    • Nazwa ciała zbiorowego lub nazwa geograficzna jako pierwszy element (NP)
    • Insel-Verlag.
    • 4
    • Kod relacji
    • pbl
    • 9
    • KHW
    • 72710
800 -Hasło dodatkowe opisu książki wielotomowej - nazwa osobowa [1, ]
    • a
    • Nazwa osobowa (NP)
    • Storm, Theodor
    • d
    • Daty biograficzne (NP)
    • (1817-1888).
    • t
    • Tytuł ujednolicony/tytuł (NP)
    • Gesammelte Werke in sechs Bänden
    • v
    • Oznaczenie tomu (NP)
    • Bd. 3
    • 9
    • KHW
    • 632762
920 -ISBN [ , ]
    • a
    • ISBN
    • 3-458-32433-X Find
Data inwentaryzacji Sygnatura Status udost. Lokalizacja Numer inwentarzowy
1998-05-08Germ. Opowiadania niemieckie-3BMG.13088